Normal view MARC view
  • Thomas Jr George

Entry Personal Name

Number of records used in: 2

001 - CONTROL NUMBER

  • control field: 14095

003 - CONTROL NUMBER IDENTIFIER

  • control field: NUST

005 - DATE AND TIME OF LATEST TRANSACTION

  • control field: 20190411055633.0

008 - FIXED-LENGTH DATA ELEMENTS

  • fixed length control field: 190411|| aca||aabn | a|a d

040 ## - CATALOGING SOURCE

  • Original cataloging agency: NUST
  • Transcribing agency: NUST

100 ## - HEADING--PERSONAL NAME

  • Personal name: Thomas Jr George

670 ## - SOURCE DATA FOUND

  • Source citation: Work cat.: (NUST)23490: Thomas Jr George, Thomas" Calculus , 2003
© 2023 Central Library, National University of Sciences and Technology. All Rights Reserved.